[Event "Bergen Sommer Super-NGP 2019"]
[Site "USF Sardinen, Verftet, Bergen"]
[Date "2019.07.30"]
[Round "4"]
[White "Mihajlov, Sebastian"]
[Black "Turov, Maxim"]
[Result "0-1"]
[WhiteElo "2375"]
[BlackElo "2566"]
[PlyCount "68"]
[EventDate "2019.??.??"]

1. e4 g6 2. d4 Bg7 3. Nf3 c6 4. Nc3 d5 5. h3 Nh6 6. Bd3 O-O 7. O-O f6 8. Re1
Nf7 9. Bf1 b6 10. exd5 cxd5 11. Bf4 a6 12. Na4 Nc6 13. c4 dxc4 14. Bxc4 g5 15.
Bh2 b5 16. Bxf7+ Rxf7 17. d5 bxa4 18. dxc6 Qxd1 19. Raxd1 e5 20. Rd8+ Rf8 21.
c7 Kf7 22. Re4 Ra7 23. Rc4 Ke7 24. Nd4 Kf7 25. Nc6 Ra8 26. Rb4 a5 27. Rb8 Ra6
28. Rxf8+ Bxf8 29. Nd8+ Ke7 30. Rxc8 Kd7 31. Rb8 Kxc7 32. Nc6 Bd6 33. Rh8 Kxc6
34. Rxh7 Rb6
0-1

[Event "Bergen Sommer Super-NGP 2019"]
[Site "USF Sardinen, Verftet, Bergen"]
[Date "2019.07.30"]
[Round "4"]
[White "Hina, Ariza"]
[Black "Turova, Irina"]
[Result "1/2-1/2"]
[WhiteElo "1651"]
[BlackElo "2418"]
[PlyCount "90"]
[EventDate "2019.??.??"]

1. e4 e5 2. Nc3 Nf6 3. f4 d5 4. fxe5 Nxe4 5. Nf3 Be7 6. d3 Nxc3 7. bxc3 c5 8.
d4 Nc6 9. Be2 O-O 10. O-O Bg4 11. Be3 Qa5 12. Qd3 Bh5 13. Bd2 Qa4 14. Qb5 Qxb5
15. Bxb5 Rac8 16. Bxc6 Rxc6 17. Be3 cxd4 18. Bxd4 Bc5 19. Rac1 Bg6 20. Rf2 Rfc8
21. Ne1 Bxd4 22. cxd4 Rc4 23. Rd2 Rc3 24. Rb1 b6 25. Rb3 R3c4 26. Rb2 Ra4 27.
Kf2 Rc3 28. Rb3 Rac4 29. Re2 Bh5 30. Rd2 Bg6 31. Ke2 Be4 32. Kd1 Rc7 33. Kc1
R3c6 34. Kb2 f6 35. exf6 gxf6 36. Rg3+ Rg7 37. Rxg7+ Kxg7 38. c3 Kf7 39. g3 Rc8
40. Nd3 Bxd3 41. Rxd3 Re8 42. Kc2 h5 43. Kd2 Re4 44. Re3 Rg4 45. Rf3 Rg8
1/2-1/2

[Event "Bergen Sommer Super-NGP 2019"]
[Site "USF Sardinen, Verftet, Bergen"]
[Date "2019.07.30"]
[Round "4"]
[White "Sørensen, Simen"]
[Black "Martinsen, Stig K"]
[Result "1/2-1/2"]
[WhiteElo "1979"]
[BlackElo "2177"]
[PlyCount "58"]
[EventDate "2019.??.??"]

1. d4 d6 2. c4 f5 3. Nc3 Nf6 4. g3 g6 5. Bg2 Bg7 6. Nh3 O-O 7. d5 Nbd7 8. O-O
Ne5 9. Qb3 h6 10. Nf4 Kh7 11. Nd3 Nxd3 12. exd3 a6 13. a4 Qe8 14. Re1 g5 15.
Ne2 Nh5 16. f4 Bf6 17. Bd2 Rg8 18. Rf1 Qg6 19. Kh1 Rb8 20. d4 Qg7 21. Qd3 g4
22. b4 e6 23. Rae1 Re8 24. dxe6 Bxe6 25. Bc3 Bd7 26. b5 axb5 27. axb5 c6 28.
Bb4 Qf8 29. Nc1 Ng7
1/2-1/2

[Event "Bergen Sommer Super-NGP 2019"]
[Site "USF Sardinen, Verftet, Bergen"]
[Date "2019.07.30"]
[Round "4"]
[White "Fossan, Aleksander"]
[Black "Unneland, Mathias"]
[Result "1-0"]
[WhiteElo "2155"]
[BlackElo "2008"]
[PlyCount "57"]
[EventDate "2019.??.??"]

1. e4 e6 2. d4 d5 3. exd5 exd5 4. Nf3 Bd6 5. c4 Nf6 6. Nc3 c6 7. Bg5 dxc4 8.
Bxc4 O-O 9. O-O Bg4 10. Qd3 Nbd7 11. Rfe1 Qc7 12. h3 Bh5 13. Nh4 Kh8 14. Ne4
Nxe4 15. Qxe4 Qa5 16. Bd3 Bg6 17. Nxg6+ fxg6 18. Qh4 Rfe8 19. f4 Nf8 20. Rf1
Qc7 21. Rf3 Be7 22. f5 Bxg5 23. Qxg5 Qe7 24. Qg4 gxf5 25. Qxf5 Rad8 26. Raf1 g6
27. Qg4 Ne6 28. Rf7 Qb4 29. Rxh7+
1-0

[Event "Bergen Sommer Super-NGP 2019"]
[Site "USF Sardinen, Verftet, Bergen"]
[Date "2019.07.30"]
[Round "4"]
[White "Fossan, Benjamin"]
[Black "Frisvold, Ole Emil"]
[Result "1/2-1/2"]
[WhiteElo "1924"]
[BlackElo "2127"]
[PlyCount "110"]
[EventDate "2019.??.??"]

1. e4 c5 2. Nf3 Nc6 3. Bb5 g6 4. Bxc6 dxc6 5. d3 Bg7 6. h3 Nf6 7. Nc3 Nd7 8.
Be3 e5 9. Qd2 h6 10. O-O-O Qe7 11. Nh2 Nf8 12. f4 exf4 13. Bxf4 Ne6 14. Be3 Nd4
15. Nf3 Be6 16. Kb1 Qd7 17. Rhf1 b6 18. e5 Nxf3 19. Rxf3 Bxe5 20. Bxh6 O-O-O
21. Bg5 Rde8 22. Bf6 Bxf6 23. Rxf6 Rh5 24. Ne4 Rd8 25. b3 Rf5 26. g4 Rxf6 27.
Nxf6 Qd4 28. Rf1 c4 29. bxc4 Qxc4 30. dxc4 Rxd2 31. Ne4 Rd4 32. Ng5 Bxc4 33.
Rf6 Kd7 34. Nxf7 Ke7 35. Rxg6 Bxf7 36. Rxc6 Be6 37. Rc7+ Rd7 38. Rc3 Kf6 39.
Kb2 Rd5 40. a3 Rb5+ 41. Kc1 Kg5 42. Re3 Bc4 43. Re7 Ra5 44. Kb2 Kh4 45. Rh7+
Kg3 46. Rh5 Rxh5 47. gxh5 Kh4 48. Kc3 Bg8 49. Kb4 Kxh5 50. c4 Be6 51. c5 Bd7
52. cxb6 axb6 53. a4 Kh4 54. a5 bxa5+ 55. Kxa5 Bxh3
1/2-1/2

[Event "Bergen Sommer Super-NGP 2019"]
[Site "USF Sardinen, Verftet, Bergen"]
[Date "2019.07.30"]
[Round "4"]
[White "Fossan, Andreas"]
[Black "Eriksen, Lars Erik"]
[Result "0-1"]
[WhiteElo "2023"]
[BlackElo "1896"]
[PlyCount "106"]
[EventDate "2019.??.??"]

1. d4 Nf6 2. c4 g6 3. Nc3 Bg7 4. e4 d6 5. Bd3 O-O 6. Nge2 e5 7. d5 a5 8. O-O
Na6 9. Bc2 Nh5 10. Be3 Bd7 11. Rb1 Nb4 12. Rc1 f5 13. exf5 Nxc2 14. Qxc2 Bxf5
15. Qd2 Rf7 16. f3 Nf6 17. Ng3 Bd7 18. b3 h5 19. Bg5 Qf8 20. a3 Nh7 21. Be3 h4
22. Nge4 h3 23. Qe2 Qe7 24. g3 Raf8 25. b4 axb4 26. axb4 Ra8 27. c5 Qf8 28. b5
dxc5 29. Bxc5 Qd8 30. Be3 Bf5 31. Rfd1 Bf8 32. g4 Bc8 33. Rb1 b6 34. Rd3 Bb7
35. Rbd1 Rd7 36. Qf1 Qh4 37. Bf2 Qh6 38. Be3 g5 39. Ng3 Nf6 40. Nf5 Qg6 41.
Qxh3 Ra3 42. Ne4 Rxd3 43. Nxf6+ Qxf6 44. Rxd3 Rxd5 45. Rxd5 Bxd5 46. Qh5 Bxf3
47. Bxg5 Qxf5 48. gxf5 Bxh5 49. Bd8 Bd6 50. f6 Be8 51. Kf2 Bxb5 52. Ke3 Bc6 53.
Kd3 e4+
0-1

[Event "Bergen Sommer Super-NGP 2019"]
[Site "USF Sardinen, Verftet, Bergen"]
[Date "2019.07.30"]
[Round "4"]
[White "Flatebø, Hallvard Haug"]
[Black "Mansoor, Afras"]
[Result "0-1"]
[WhiteElo "1857"]
[BlackElo "1991"]
[PlyCount "57"]
[EventDate "2019.??.??"]

1. d4 Nf6 2. c4 g6 3. Nc3 Bg7 4. e4 d6 5. f3 O-O 6. Be3 Nbd7 7. Nh3 a6 8. Qd2
c5 9. Rd1 cxd4 10. Bxd4 b6 11. Be2 Nc5 12. Nf2 Bb7 13. O-O Rc8 14. Nd5 Bxd5 15.
cxd5 b5 16. b3 Qd7 17. Rc1 e5 18. Be3 Nh5 19. Nd3 Nxd3 20. Bxd3 f5 21. Rxc8
Rxc8 22. Qa5 Nf4 23. Bb1 Qb7 24. Qd2 Rf8 25. Rc1 fxe4 26. Bxe4 Rc8 27. Rc6 Rd8
28. Qc2 Qd7 29. Rc7 {Resten er uklart.}
0-1

[Event "Bergen Sommer Super-NGP 2019"]
[Site "USF Sardinen, Verftet, Bergen"]
[Date "2019.07.30"]
[Round "4"]
[White "Myren, Matias"]
[Black "Hestvik, Elias"]
[Result "1-0"]
[WhiteElo "1483"]
[BlackElo "1793"]
[PlyCount "145"]
[EventDate "2019.??.??"]

1. e4 c6 2. d4 d5 3. exd5 cxd5 4. Bd3 Nf6 5. Nf3 Nc6 6. O-O Bg4 7. c3 e6 8. Re1
Bd6 9. Nbd2 a6 10. Nf1 O-O 11. Bg5 h6 12. Bh4 b5 13. h3 Bxf3 14. Qxf3 Be7 15.
Nh2 Na5 16. Ng4 Nxg4 17. Bxe7 Qxe7 18. Qxg4 Nc4 19. Re2 b4 20. b3 Nb6 21. c4
dxc4 22. bxc4 Qf6 23. Qe4 g6 24. Rb1 Na4 25. Qe5 Qxe5 26. Rxe5 a5 27. Bf1 Rfd8
28. a3 Rxd4 29. axb4 Nc3 30. Ra1 a4 31. Ra5 Rad8 32. Ra3 Nb1 33. R3xa4 Rd1 34.
Ra8 Kg7 35. Rxd8 Rxd8 36. Ra1 Nc3 37. Ra3 Nd1 38. Rd3 Rxd3 39. Bxd3 Kf6 40. b5
Ke7 41. c5 Kd7 42. c6+ Kc7 43. Bf1 f6 44. f3 e5 45. Kh2 Kd6 46. Kg1 f5 47. Be2
Ne3 48. Kf2 f4 49. Bd3 g5 50. Be4 Kc7 51. g4 Nd1+ 52. Ke1 Nc3 53. Bd3 Nd5 54.
Kd2 Kb6 55. Bc4 Nf6 56. Kd3 Kc7 57. Kc3 Kb6 58. Be6 h5 59. Kd3 hxg4 60. hxg4
Kc7 61. Kc4 Kb6 62. Bf5 Ne8 63. Kd5 Kxb5 64. Bd7 Nc7+ 65. Kxe5 Kc5 66. Kf5 Kd4
67. Kxg5 Ke3 68. Kh4 Kxf3 69. g5 Ke3 70. g6 f3 71. g7 f2 72. Bh3 Ne6 73. g8=Q
1-0

[Event "Bergen Sommer Super-NGP 2019"]
[Site "USF Sardinen, Verftet, Bergen"]
[Date "2019.07.30"]
[Round "4"]
[White "Evenshaug, Amadeus Hestvik"]
[Black "Sivertsen, Jarle"]
[Result "1-0"]
[WhiteElo "1769"]
[BlackElo "1605"]
[PlyCount "89"]
[EventDate "2019.??.??"]

1. e4 e5 2. Nf3 Nc6 3. d4 exd4 4. Bc4 Nf6 5. O-O Be7 6. Re1 d6 7. Nxd4 Ne5 8.
Bb5+ c6 9. Ba4 O-O 10. Nd2 Nfd7 11. N2f3 Nc5 12. Bb3 a5 13. c3 Bg4 14. Bc2 Ne6
15. Kh1 Nxf3 16. Nxf3 Ng5 17. Bxg5 Bxg5 18. h3 Bxf3 19. Qxf3 Qb6 20. b3 Qc5 21.
e5 dxe5 22. Qf5 g6 23. Qxg5 Qxf2 24. Bd3 f6 25. Bc4+ Kg7 26. Qg4 Rad8 27. Rad1
b5 28. Be2 f5 29. Qf3 Qc5 30. c4 e4 31. Qf4 Rxd1 32. Rxd1 Rf7 33. Qd2 bxc4 34.
Bxc4 Re7 35. Qd8 e3 36. Qg8+ Kh6 37. Qf8+ Kh5 38. Be2+ Kg5 39. h4+ Kf4 40. Qf6
Re4 41. g3+ Kxg3 42. Qg5+ Rg4 43. Bxg4 e2 44. Bh5+ Kh3 45. Rd3+
1-0

[Event "Bergen Sommer Super-NGP 2019"]
[Site "USF Sardinen, Verftet, Bergen"]
[Date "2019.07.30"]
[Round "4"]
[White "Takle, Mikael"]
[Black "Johannessen, Heine N"]
[Result "1/2-1/2"]
[WhiteElo "1737"]
[BlackElo "1743"]
[PlyCount "165"]
[EventDate "2019.??.??"]

1. e4 c5 2. d4 cxd4 3. c3 g6 4. cxd4 Bg7 5. Nc3 d5 6. e5 Nc6 7. Be3 Nh6 8. Qb3
Nf5 9. Nf3 e6 10. Bd3 Nxe3 11. fxe3 O-O 12. O-O b6 13. Rac1 Bd7 14. e4 Na5 15.
Qa3 Bc6 16. b4 Nc4 17. Bxc4 dxe4 18. Nxe4 Bxe4 19. Qe3 Bd5 20. Nd2 Bb7 21. Bb3
Qh4 22. g3 Qh3 23. Qf2 Bh6 24. d5 Bxd5 25. Bxd5 exd5 26. Rc6 d4 27. Qxd4 Rad8
28. Rd6 Rc8 29. Qd3 Qg4 30. Ne4 Bg7 31. Rd5 Kh8 32. Nd6 Rc7 33. Rf4 Qe6 34. Qd4
f6 35. Nc4 b5 36. Ne3 Rcf7 37. exf6 Bxf6 38. Qd3 Bg7 39. Rxf7 Qxf7 40. Rd8 Qf2+
41. Kh1 Qxa2 42. Rxf8+ Bxf8 43. Qd4+ Bg7 44. Qd8+ Qg8 45. Qd7 Qa8+ 46. Kg1 a6
47. Nd5 Bd4+ 48. Kg2 Qf8 49. Nf4 Be3 50. Qd3 Bxf4 51. Qd4+ Kg8 52. gxf4 Qa8+
53. Kg3 Qc6 54. Qd8+ Kf7 55. Qd3 Qe6 56. Kf2 Kf6 57. Qd8+ Kf5 58. Qf8+ Ke4 59.
Kg3 Qb3+ 60. Kg4 Qf3+ 61. Kg5 Qh5+ 62. Kf6 Qf5+ 63. Kg7 Qxf8+ 64. Kxf8 h6 65.
Kg7 g5 66. fxg5 hxg5 67. Kg6 Kf4 68. Kh5 Kf5 69. Kh6 Kg4 70. Kg6 a5 71. bxa5 b4
72. a6 b3 73. a7 b2 74. a8=Q b1=Q+ 75. Kf7 Qf5+ 76. Kg8 Qg6+ 77. Kf8 Qh6+ 78.
Kf7 Qxh2 79. Qc8+ Kf3 80. Qc3+ Kg4 81. Qc8+ Kg3 82. Qc3+ Kg4 83. Qc8+
1/2-1/2

[Event "Bergen Sommer Super-NGP 2019"]
[Site "USF Sardinen, Verftet, Bergen"]
[Date "2019.07.30"]
[Round "4"]
[White "Simonsen, Martin Haaland"]
[Black "Johannessen, Theo N"]
[Result "1-0"]
[WhiteElo "1615"]
[BlackElo "1504"]
[PlyCount "131"]
[EventDate "2019.??.??"]

1. e4 c5 2. Nf3 g6 3. d4 cxd4 4. Qxd4 Nf6 5. Bc4 Nc6 6. Qe3 Bg7 7. O-O O-O 8.
Nc3 d6 9. h3 Na5 10. Be2 Be6 11. Nd4 Bc4 12. b3 Bxe2 13. Ncxe2 Rc8 14. c3 Qb6
15. Qd3 a6 16. Be3 Qc7 17. Rac1 Nd7 18. c4 Nc5 19. Qb1 Nc6 20. b4 Nxd4 21. Nxd4
Bxd4 22. Bxd4 Ne6 23. Be3 b6 24. f4 f5 25. Qd3 Ng7 26. e5 dxe5 27. Qd5+ e6 28.
Qxe5 Qxe5 29. fxe5 Rc6 30. c5 bxc5 31. Rxc5 Rfc8 32. Rfc1 Rxc5 33. Bxc5 Rd8 34.
Bd6 Ne8 35. Rc6 Ra8 36. a4 Kf7 37. Bc5 g5 38. Kf2 h5 39. b5 axb5 40. axb5 f4
41. b6 Ra2+ 42. Kf3 Rb2 43. Bd6 Kg6 44. Rc8 Kf5 45. g4+ fxg3 46. Rxe8 g2 47.
Rf8+ Kg6 48. Rf6+ Kg7 49. Bc5 g4+ 50. hxg4 hxg4+ 51. Kg3 Rb5 52. Bf2 Rxe5 53.
Rf4 Re1 54. Kxg2 Rb1 55. Rc4 Kf6 56. Rxg4 Kf5 57. Rg7 e5 58. b7 Rb2 59. Kf1 Kf4
60. Rf7+ Ke4 61. Ba7 Rb1+ 62. Kg2 Rb2+ 63. Kg3 Rb3+ 64. Kg4 Rb1 65. b8=Q Rg1+
66. Bxg1
1-0

[Event "Bergen Sommer Super-NGP 2019"]
[Site "USF Sardinen, Verftet, Bergen"]
[Date "2019.07.30"]
[Round "5"]
[White "Turov, Maxim"]
[Black "Fossan, Aleksander"]
[Result "1-0"]
[WhiteElo "2566"]
[BlackElo "2155"]
[PlyCount "53"]
[EventDate "2019.??.??"]

1. d4 Nf6 2. Nf3 g6 3. g3 Bg7 4. Bg2 O-O 5. O-O d5 6. c4 c6 7. Qb3 Nbd7 8. cxd5
cxd5 9. Nc3 Nb6 10. Bf4 Bf5 11. a4 Ne4 12. a5 Nc4 13. Qxb7 Nxc3 14. bxc3 Nxa5
15. Qb5 Nc4 16. Ra6 Bc8 17. Ra2 e6 18. e4 a5 19. exd5 exd5 20. Ng5 Be6 21. Nxe6
fxe6 22. Re1 Qe8 23. Qxe8 Rfxe8 24. Rxe6 Red8 25. Rc6 Bf8 26. Bg5 Rd7 27. Rxc4
1-0

[Event "Bergen Sommer Super-NGP 2019"]
[Site "USF Sardinen, Verftet, Bergen"]
[Date "2019.07.30"]
[Round "5"]
[White "Eriksen, Lars Erik"]
[Black "Mihajlov, Sebastian"]
[Result "0-1"]
[WhiteElo "1896"]
[BlackElo "2375"]
[PlyCount "102"]
[EventDate "2019.??.??"]

1. e4 e6 2. d4 d5 3. exd5 exd5 4. Bd3 Nc6 5. c3 Bd6 6. Ne2 Qf6 7. Nd2 Bg4 8.
Nf1 Nge7 9. Ne3 h5 10. Bd2 Be6 11. Qc2 O-O-O 12. b4 Ng6 13. Nf5 Bxf5 14. Bxf5+
Kb8 15. g3 Rhe8 16. Be3 h4 17. Kd2 Nce7 18. Bd3 Nc8 19. Rae1 Nb6 20. f4 Nc4+
21. Bxc4 dxc4 22. Rhf1 Ne7 23. Ng1 Nf5 24. Bf2 Bxb4 25. Rxe8 Rxe8 26. cxb4 Nxd4
27. Qc3 Nf3+ 28. Kc2 Qf5+ 29. Kc1 Nxh2 30. Re1 Rxe1+ 31. Qxe1 b6 32. Qe8+ Kb7
33. b5 Qd5 34. a4 Ng4 35. Qe2 hxg3 36. Bxg3 Nf6 37. Qf3 Ne4 38. Be1 Qd4 39. Ne2
Qa1+ 40. Kc2 Qxa4+ 41. Kc1 f5 42. Bc3 g6 43. Nd4 Qa3+ 44. Kc2 a5 45. bxa6+ Kxa6
46. Bb2 Qa4+ 47. Kc1 Kb7 48. Qd1 Qa5 49. Nc2 Qb5 50. Na3 Qc5 51. Qd4 c3
0-1

[Event "Bergen Sommer Super-NGP 2019"]
[Site "USF Sardinen, Verftet, Bergen"]
[Date "2019.07.30"]
[Round "5"]
[White "Martinsen, Stig K"]
[Black "Fossan, Benjamin"]
[Result "1/2-1/2"]
[WhiteElo "2177"]
[BlackElo "1924"]
[PlyCount "56"]
[EventDate "2019.??.??"]

1. d4 Nf6 2. c4 g6 3. Nc3 d5 4. Nf3 Bg7 5. Qb3 dxc4 6. Qxc4 a6 7. Bf4 c6 8. e4
b5 9. Qd3 Bb7 10. Rc1 O-O 11. Be2 Nbd7 12. e5 Nd5 13. Nxd5 cxd5 14. h4 f6 15.
e6 Nb8 16. h5 Qe8 17. hxg6 Qxg6 18. Rc7 Ra7 19. Rxe7 Nc6 20. Rxg7+ Kxg7 21.
Bh6+ Qxh6 22. Rxh6 Kxh6 23. Nh4 Ne7 24. Qh3 Kg7 25. Bd3 Bc8 26. Nf5+ Nxf5 27.
Bxf5 Kh8 28. Qf3 Re7
1/2-1/2

[Event "Bergen Sommer Super-NGP 2019"]
[Site "USF Sardinen, Verftet, Bergen"]
[Date "2019.07.30"]
[Round "5"]
[White "Mansoor, Afras"]
[Black "Frisvold, Ole Emil"]
[Result "1/2-1/2"]
[WhiteElo "1991"]
[BlackElo "2127"]
[PlyCount "94"]
[EventDate "2019.??.??"]

1. c4 c5 2. g3 Nf6 3. Bg2 g6 4. Nc3 Bg7 5. a3 d6 6. Rb1 O-O 7. b4 Qd7 8. Nf3
cxb4 9. axb4 Nc6 10. O-O Rb8 11. b5 Ne5 12. Nxe5 dxe5 13. c5 Qd4 14. Na4 e4 15.
Bb2 Qd5 16. d3 Bf5 17. Bxf6 Bxf6 18. dxe4 Qxd1 19. Rfxd1 Be6 20. f4 Ba2 21. Rb4
e5 22. f5 Rfd8 23. Ra1 Rd2 24. Nc3 Be7 25. Nxa2 Bxc5+ 26. e3 Rxa2 27. Rxa2 Bxb4
28. Rxa7 Bc5 29. Ra2 Bxe3+ 30. Kf1 Rc8 31. Bf3 Kg7 32. Be2 Rc3 33. Rb2 Bd4 34.
Rd2 Kf6 35. Rd3 Rc1+ 36. Rd1 Rxd1+ 37. Bxd1 gxf5 38. Bc2 fxe4 39. Bxe4 Ke6 40.
Bxh7 f5 41. h3 b6 42. g4 fxg4 43. hxg4 Kd5 44. Ke2 e4 45. Bg6 Ke5 46. Bf5 Kf4
47. Bd7 Bf6
1/2-1/2

[Event "Bergen Sommer Super-NGP 2019"]
[Site "USF Sardinen, Verftet, Bergen"]
[Date "2019.07.30"]
[Round "5"]
[White "Hølleland, Sigve"]
[Black "Sørensen, Simen"]
[Result "1/2-1/2"]
[WhiteElo "2092"]
[BlackElo "1979"]
[PlyCount "27"]
[EventDate "2019.??.??"]

1. d4 Nf6 2. Bf4 d5 3. e3 e6 4. Nf3 Bd6 5. Bg3 O-O 6. Nbd2 c5 7. c3 Nc6 8. Bd3
b6 9. e4 dxe4 10. Nxe4 Nxe4 11. Bxe4 Bb7 12. Bxd6 Qxd6 13. dxc5 Qxc5 14. Qc2
1/2-1/2

[Event "Bergen Sommer Super-NGP 2019"]
[Site "USF Sardinen, Verftet, Bergen"]
[Date "2019.07.30"]
[Round "5"]
[White "Unneland, Mathias"]
[Black "Hina, Ariza"]
[Result "1-0"]
[WhiteElo "2008"]
[BlackElo "1651"]
[PlyCount "49"]
[EventDate "2019.??.??"]

1. d4 d5 2. c4 e6 3. Nf3 Nf6 4. Nc3 Nbd7 5. e3 c6 6. Qc2 Be7 7. g4 h6 8. Rg1
dxc4 9. Bxc4 b5 10. Bd3 a6 11. h4 c5 12. g5 hxg5 13. hxg5 Nd5 14. Nxd5 exd5 15.
g6 f6 16. dxc5 Nxc5 17. Bd2 Nxd3+ 18. Qxd3 Bb7 19. Nd4 Qd7 20. O-O-O O-O 21.
Qe2 Rfc8+ 22. Kb1 Bc5 23. Qh5 Bxd4 24. exd4 Kf8 25. Rde1
1-0

[Event "Bergen Sommer Super-NGP 2019"]
[Site "USF Sardinen, Verftet, Bergen"]
[Date "2019.07.30"]
[Round "5"]
[White "Turova, Irina"]
[Black "Myren, Matias"]
[Result "1-0"]
[WhiteElo "2418"]
[BlackElo "1483"]
[PlyCount "129"]
[EventDate "2019.??.??"]

1. d4 d5 2. c4 e6 3. Nc3 Nf6 4. cxd5 exd5 5. Bg5 Be7 6. e3 O-O 7. Bd3 c6 8. Qc2
h6 9. Bh4 Nbd7 10. Nf3 b6 11. O-O Bb7 12. h3 Rc8 13. Rad1 c5 14. dxc5 bxc5 15.
Qe2 Ne4 16. Bxe4 dxe4 17. Ne5 Bxh4 18. Nxd7 Re8 19. Nxc5 Qb6 20. Nxb7 Qxb7 21.
Rd2 Red8 22. Rfd1 Rxd2 23. Rxd2 Bf6 24. Rc2 Rd8 25. Nb1 Be5 26. b3 Rd3 27. Nd2
Qd5 28. g3 Bc3 29. Nf1 Bb4 30. Rc4 Ba5 31. Kg2 Rd1 32. Rc5 Qxc5 33. Qxd1 Qc3
34. Qe2 Qd3 35. Qxd3 exd3 36. e4 Be1 37. Kf3 d2 38. Ke2 d1=Q+ 39. Kxd1 Bxf2 40.
Ke2 Bb6 41. Kd3 f6 42. Ne3 Kf7 43. g4 g6 44. h4 h5 45. gxh5 gxh5 46. Nf5 Bf2
47. Ke2 Bc5 48. Kf3 Kg6 49. Ke2 Kf7 50. Kd3 Bf2 51. b4 Ke6 52. Ng7+ Ke5 53.
Nxh5 Bxh4 54. Ng7 Bf2 55. Nf5 Bg1 56. a4 Bf2 57. b5 Bb6 58. Ne3 Bd8 59. Nc4+
Ke6 60. Kd4 Bc7 61. a5 f5 62. exf5+ Kxf5 63. Kd5 Bh2 64. a6 Bg1 65. b6
1-0

[Event "Bergen Sommer Super-NGP 2019"]
[Site "USF Sardinen, Verftet, Bergen"]
[Date "2019.07.30"]
[Round "5"]
[White "Takle, Mikael"]
[Black "Fossan, Andreas"]
[Result "1/2-1/2"]
[WhiteElo "1737"]
[BlackElo "2023"]
[PlyCount "56"]
[EventDate "2019.??.??"]

1. e4 e6 2. Nf3 d5 3. e5 c5 4. b4 cxb4 5. d4 Nc6 6. a3 Bd7 7. axb4 Bxb4+ 8. c3
Be7 9. Bd3 Na5 10. O-O a6 11. Na3 Rc8 12. Bd2 Bxa3 13. Rxa3 Bb5 14. Bxb5+ axb5
15. Qa1 b6 16. Rb1 Qd7 17. Rb4 Ne7 18. Qb1 Nc4 19. Ra2 O-O 20. Ng5 g6 21. Qd3
f6 22. exf6 Rxf6 23. Nf3 Nc6 24. Rxb5 Rcf8 25. Bh6 Re8 26. Rb1 e5 27. dxe5
N6xe5 28. Nxe5 Nxe5
1/2-1/2

[Event "Bergen Sommer Super-NGP 2019"]
[Site "USF Sardinen, Verftet, Bergen"]
[Date "2019.07.30"]
[Round "5"]
[White "Sivertsen, Jarle"]
[Black "Rynning, Rune Kleiven"]
[Result "1-0"]
[WhiteElo "1605"]
[BlackElo "1620"]
[PlyCount "101"]
[EventDate "2019.??.??"]

1. Nf3 Nf6 2. c4 c6 3. b3 d5 4. g3 Nbd7 5. Bg2 e5 6. O-O e4 7. Nd4 Bd6 8. Nf5
Be5 9. Ba3 Nb6 10. Nxg7+ Kd7 11. Nc3 Kc7 12. c5 Nbd7 13. d4 exd3 14. Qxd3 Qf8
15. Nf5 Nxc5 16. Qe3 Ng4 17. Qg5 Rg8 18. Qe7+ Qxe7 19. Nxe7 Nxb3 20. axb3 Bxc3
21. Rac1 Bb2 22. Bxb2 Re8 23. Nxd5+ Kb8 24. Nf4 a5 25. Rfd1 a4 26. bxa4 Rxa4
27. h3 Ne5 28. Bxe5+ Rxe5 29. Bf3 Kc7 30. Kg2 Bd7 31. Nd5+ Rxd5 32. Rxd5 Be6
33. Rh5 Ra6 34. Rxh7 b5 35. Bh5 Kb6 36. Bxf7 Bxf7 37. Rxf7 b4 38. h4 Ra5 39. g4
b3 40. g5 c5 41. g6 Ra4 42. f3 c4 43. g7 b2 44. Rb1 c3 45. g8=Q Ra1 46. Qb8+
Kc5 47. Rc7+ Kd4 48. Qb6+ Ke5 49. Re7+ Kd5 50. Qb5+ Kd4 51. Re4#
1-0

[Event "Bergen Sommer Super-NGP 2019"]
[Site "USF Sardinen, Verftet, Bergen"]
[Date "2019.07.30"]
[Round "5"]
[White "Hestvik, Elias"]
[Black "Johannessen, Theo N"]
[Result "0-1"]
[WhiteElo "1793"]
[BlackElo "1504"]
[PlyCount "70"]
[EventDate "2019.??.??"]

1. c4 Nf6 2. Nc3 d5 3. cxd5 Nxd5 4. e4 Nxc3 5. bxc3 g6 6. Nf3 Bg7 7. Bc4 O-O 8.
O-O c5 9. h3 Nc6 10. Bd5 Qc7 11. d4 e6 12. Bb3 Rd8 13. Bb2 b5 14. Rc1 c4 15.
Bc2 a5 16. Qe2 Ba6 17. e5 b4 18. Rfe1 Bh6 19. Rb1 Rdb8 20. Bc1 Bxc1 21. Rexc1
bxc3 22. Be4 Rxb1 23. Rxb1 Rb8 24. Rc1 Rb2 25. Rc2 Rb1+ 26. Kh2 Nxd4 27. Nxd4
Qxe5+ 28. g3 Qxd4 29. Rxc3 Qxc3 30. Bxb1 Qd4 31. h4 Bb7 32. Kh3 h5 33. Kh2 Qd5
34. Qf1 c3 35. a3 Qd2
0-1

[Event "Bergen Sommer Super-NGP 2019"]
[Site "USF Sardinen, Verftet, Bergen"]
[Date "2019.07.31"]
[Round "6"]
[White "Mansoor, Afras"]
[Black "Martinsen, Stig K"]
[Result "1-0"]
[WhiteElo "1991"]
[BlackElo "2177"]
[PlyCount "99"]
[EventDate "2019.??.??"]

1. d4 Nf6 2. Nc3 e6 3. Bg5 h6 4. Bxf6 Qxf6 5. e4 d6 6. Qd2 Nd7 7. O-O-O a6 8.
f4 g6 9. Nf3 Nb6 10. a4 Bd7 11. a5 Nc8 12. e5 Qe7 13. d5 Bg7 14. Bc4 O-O 15.
Rhe1 exd5 16. Nxd5 Qd8 17. Nc3 b5 18. Bb3 c5 19. Bd5 Ra7 20. Ne4 Bg4 21. exd6
Bxf3 22. gxf3 b4 23. Kb1 Qxa5 24. Qf2 Kh7 25. Bb3 Rd7 26. Rd5 Qd8 27. Qxc5 f5
28. Nf2 Rxd6 29. Red1 Rxd5 30. Rxd5 Qe7 31. Nd3 Qxc5 32. Rxc5 Rd8 33. Nxb4 a5
34. Rxa5 Rd2 35. Ra8 Ne7 36. Ra7 Ng8 37. Bxg8+ Kxg8 38. h4 Bf6 39. Nd3 Rh2 40.
Rd7 Bxh4 41. b4 Bf6 42. Ne5 g5 43. b5 gxf4 44. Nd3 Rh1+ 45. Nc1 Re1 46. b6 Re6
47. b7 Rb6+ 48. Ka2 h5 49. c4 Be5 50. Nd3
1-0

[Event "Bergen Sommer Super-NGP 2019"]
[Site "USF Sardinen, Verftet, Bergen"]
[Date "2019.07.31"]
[Round "6"]
[White "Fossan, Aleksander"]
[Black "Eriksen, Lars Erik"]
[Result "1-0"]
[WhiteElo "2155"]
[BlackElo "1896"]
[PlyCount "45"]
[EventDate "2019.??.??"]

1. e4 e5 2. Nf3 Nc6 3. Bc4 Bc5 4. d3 Nf6 5. Nc3 a6 6. Bg5 Be7 7. a4 h6 8. Be3
d6 9. h3 Bd7 10. a5 Qc8 11. d4 exd4 12. Nxd4 O-O 13. O-O Ne5 14. Be2 g5 15. Nd5
Nxd5 16. exd5 Ng6 17. Bd3 Bf6 18. Qh5 Kg7 19. c3 Be5 20. Rae1 Nf4 21. Bxf4 Bxf4
22. Ne6+ Bxe6 23. Rxe6
1-0

[Event "Bergen Sommer Super-NGP 2019"]
[Site "USF Sardinen, Verftet, Bergen"]
[Date "2019.07.31"]
[Round "6"]
[White "Frisvold, Ole Emil"]
[Black "Johannessen, Heine N"]
[Result "1-0"]
[WhiteElo "2127"]
[BlackElo "1743"]
[PlyCount "105"]
[EventDate "2019.??.??"]

1. d4 Nf6 2. c4 g6 3. Nf3 Bg7 4. Nc3 d5 5. Qb3 dxc4 6. Qxc4 Nbd7 7. Bf4 c6 8.
e4 Nb6 9. Qd3 O-O 10. Be2 Be6 11. Nd2 Qd7 12. Be5 Rad8 13. Rd1 Ne8 14. Bxg7
Kxg7 15. Nf1 Bc4 16. Qc2 Nc7 17. Ne3 Bxe2 18. Qxe2 e6 19. O-O Rfe8 20. Ng4 h5
21. Ne5 Qe7 22. Rd3 c5 23. Rf3 Rf8 24. dxc5 Qxc5 25. Nd3 Qc4 26. Rc1 Nb5 27.
Nxb5 Qxb5 28. Rc5 Qa4 29. h4 Rd4 30. b4 Rc8 31. Rxc8 Nxc8 32. Qb2 Qd1+ 33. Kh2
e5 34. Nxe5 f6 35. Rxf6 Kxf6 36. Nf3 Kf7 37. Qxd4 Qc2 38. Ne5+ Kf6 39. Nd3+ Kf7
40. Qd5+ Kg7 41. f3 Kh6 42. Nf4 Qc6 43. Qg5+ Kh7 44. e5 Qe8 45. Nd5 Qe6 46. Nf4
Qe8 47. Qf6 Ne7 48. Ne6 Nf5 49. g4 hxg4 50. fxg4 Qb5 51. Ng5+ Kg8 52. Qf7+ Kh8
53. Qh7#
1-0

[Event "Bergen Sommer Super-NGP 2019"]
[Site "USF Sardinen, Verftet, Bergen"]
[Date "2019.07.31"]
[Round "6"]
[White "Fossan, Andreas"]
[Black "Simonsen, Martin Haaland"]
[Result "1-0"]
[WhiteElo "2023"]
[BlackElo "1615"]
[PlyCount "81"]
[EventDate "2019.??.??"]

1. d4 d5 2. c4 c6 3. Nf3 Nf6 4. e3 e6 5. Nbd2 Bd6 6. Bd3 O-O 7. O-O Nbd7 8. e4
dxe4 9. Nxe4 Nxe4 10. Bxe4 h6 11. b3 f5 12. Bc2 e5 13. dxe5 Nxe5 14. Bb2 Qc7
15. Bxe5 Bxe5 16. Nxe5 Qxe5 17. Re1 Qf6 18. f4 Be6 19. Re5 Rad8 20. Qe1 Bc8 21.
Qe3 a6 22. Re1 Qd6 23. Rd1 Qf6 24. c5 Rxd1+ 25. Bxd1 Qd8 26. Be2 Kh7 27. Bh5
Qf6 28. h3 Rd8 29. Bf3 Rf8 30. Kh2 Kg8 31. Be2 Kh7 32. a4 Kh8 33. Bc4 Kh7 34.
Re8 Bd7 35. Re7 Bc8 36. Re5 Qd8 37. Re7 Bd7 38. Bf7 Kh8 39. Qe5 a5 40. Be8 Rg8
41. Bxd7
1-0